Readings in real property valuation principles

Bibliographic Details
Corporate Author: American Institute of Real Estate Appraisers
Format: Book
Language:English
Published: Chicago : American Institute of Real Estate Appraisers 1977
Subjects:

MARC

LEADER 00000cam a2200000 7i4500
001 0000003710
005 20240927.0
008 240614 ilu a eng
020 |a 0911789416 
040 |a INS   |b eng   |e rda 
090 0 0 |a RHD1387   |b .R357 1977 
245 0 0 |a Readings in real property valuation principles 
264 1 |a Chicago :   |b American Institute of Real Estate Appraisers   |c 1977 
264 4 |c ©1977 
300 |a viii, 322 pages :   |b illustrations ;   |c 26 cm. 
336 |a text  |2 rdacontent 
337 |a unmediated  |2 rdamedia 
338 |a volume  |2 rdacarrier 
500 |a Vol. I 
504 |a Includes bibliographical references 
650 0 |a Real property   |x Valuation   |z United States   |x Addresses, essays, lectures 
710 2 |a American Institute of Real Estate Appraisers 
999 |a 0000001672   |b BOOK   |c Reference   |e Default branch